000 01171nam1a22002651i 4500
001 v19\rc\1820891
005 20260406163329.0
035 _a(NLR Aleph) 004918774
090 _a5555546
_c5555546
100 _a20071224g19071914|||y0rusy50 ca
101 0 _arus
102 _aRU
105 _ay z |||||
200 1 _aДенежный отчет Библиотеки С.-Петербургского политехнического института... императора Петра Великого...
210 _aСанкт-Петербург
_d1907-1914
215 _d23
532 1 2 _aДенежный отчет Библиотеки Санкт-Петербургского политехнического института императора Петра Великого...
710 0 2 _aСанкт-Петербургский политехнический институт
_bБиблиотека
_9364515
_3RU\NLR\AUTH\889934741
801 0 _aRU
_bNLR
_gpsbo
801 0 _aRU
_bRuMoRGB
_2psbo
801 1 _aRU
_bProSoft-M
_2rusmarc
852 _aNLR
_bБ
_j6140.3/Д-341-П
899 _aRuMoRGB (1905-1913)
_jA 269/395
899 _aБАН (1905-1913)
942 _cBOOK